000 00509 a2200169 4500
999 _c10229
_d10229
020 _a038000722X
050 _aRC480.5 HAR 1969
100 _aHarris, Thomas A.
_eauthor
245 _aI'm OK, you're OK /
_c Thomas A. Harris
264 _aNew York, NY :
_bAvon Books,
_cc1969
300 _a317 pages :
_b illustrations ;
500 _aIncludes bibliographical references & index
650 _aPsychotherapy
650 _aMental health
650 _aPsychotherapy, Group
942 _2lcc
_cBK
_h480.5
_iHAR
_kRC